La Dècada dels anys 1930 / coordinació de l'exposició i catàleg: Manuel Luengo Carrasco ; textos: Xavier Calderé i Bel Manuel Luengo Carrasco ; textos:
Descripción Física:
37 p. : il. ; 21 cm
Colección:
V!
MARC
| LEADER | 00000nam a2200000Ia 4500 | ||
|---|---|---|---|
| 001 | 22014 | ||
| 008 | 160829s2006 xx 000 0 cat d | ||
| 080 | |a FU-49-48 | ||
| 245 | |a La Dècada dels anys 1930 / coordinació de l'exposició i catàleg: |b Manuel Luengo Carrasco ; textos: |b Xavier Calderé i Bel | ||
| 260 | |a Viladecans : |b Ajuntament de Viladecans, Diputació de Barcelona, |c 2006 | ||
| 300 | |a 37 p. : |b il. ; |c 21 cm | ||
| 490 | |a V! | ||
| 590 | |a Catàleg de l'exposició fotogràfica de la 17a Setmana de la Gent Gran (2006) | ||
| 650 | |a Viladecans |x Vida social i costums |x S. XX |9 39422 | ||
| 650 | |a Viladecans |x Història |x S. XX |9 39423 | ||
| 700 | 1 | |a Calderé i Bel, Xavier |9 39415 |e autor | |
| 700 | 1 | |a Luengo Carrasco, Manuel, |d 1962- |e editor literari |9 32179 | |
| 710 | 1 | |a Barcelona (Catalunya : Província). |b Diputació |9 52408 | |
| 710 | 1 | |a Viladecans (Catalunya). |b Ajuntament |9 54292 | |
| 901 | |a Arxiu | ||
| 942 | |n 1 |2 udc | ||
| 952 | |0 0 |1 0 |4 0 |6 FU4948 |7 1 |9 50661 |a Arxiu |b Arxiu |d 2016-12-01 |l 0 |o FU-49-48 |p 22014 |r 2016-12-01 00:00:00 |w 2016-12-01 |y ARXIU | ||
| 999 | |c 54503 |d 54503 | ||